000 00748nam a2200241Ia 4500
003 OSt
005 20220927105639.0
006 a|||||r|||| 00| 0
007 ta
008 220926b |||||||| |||| 00| 0 eng d
020 _a8185005 44 3
024 _a179226
037 _cReference Collections
040 _aRTL
_cRTL
_beng
041 _2eng
_aeng
082 _a"X9(J).2.N8, M5/SC"
100 _aSINGH Bhanwar
_9373882
245 0 _a"Agrarian structure,technological change and poverty "
_b Microlevel evidence
260 _aNew
_bDelhi Agricole publishing academy
_c1985
300 _a"xiii,259p."
_ccm.
942 _h"X9(J).2.N8, M5/SC"
_cCC
999 _c693588
_d693588